<?xml version="1.0" encoding="utf-8"?>
<?xml-stylesheet type='text/xsl' href='./oai2.xsl'?>
<OAI-PMH xmlns="http://www.openarchives.org/OAI/2.0/" xmlns:xsi="http://www.w3.org/2001/XMLSchema-instance" xsi:schemaLocation="http://www.openarchives.org/OAI/2.0/ http://www.openarchives.org/OAI/2.0/OAI-PMH.xsd">
  <responseDate>2026-04-29T21:38:46Z</responseDate>
  <request verb="GetRecord" metadataPrefix="marcxml" identifier="record_kuniweb_400872">https://kulturerbe.niedersachsen.de/oai</request>
  <GetRecord>
    <record>
      <header>
        <identifier>record_kuniweb_400872</identifier>
        <datestamp>2025-08-28T09:38:22Z</datestamp>
        <setSpec>slg0183</setSpec>
      </header>
      <metadata>
        <marc:record xmlns:marc="http://www.loc.gov/MARC21/slim" xsi:schemaLocation="http://www.loc.gov/MARC21/slim http://www.loc.gov/standards/marcxml/schema/MARC21slim.xsd">
          <marc:leader>12345nkm  22     uu 4500</marc:leader>
          <marc:controlfield tag="001">400872</marc:controlfield>
          <marc:controlfield tag="003">http://kuniweb.gbv.de</marc:controlfield>
          <marc:controlfield tag="005">2024-09-06T16:21:04</marc:controlfield>
          <marc:controlfield tag="008">|           ||||||||||||||||||||||</marc:controlfield>
          <marc:datafield tag="245" ind1="1" ind2="0">
            <marc:subfield code="a">Bildnis Herzogin Christine Luise von Braunschweig-Lüneburg (Wolfenbüttel) (1671-1747)</marc:subfield>
          </marc:datafield>
          <marc:datafield tag="720" ind1=" " ind2=" ">
            <marc:subfield code="a">Balthasar Denner</marc:subfield>
          </marc:datafield>
          <marc:datafield tag="655" ind1=" " ind2="7">
            <marc:subfield code="a">Malerei</marc:subfield>
          </marc:datafield>
          <marc:datafield tag="046" ind1=" " ind2=" ">
            <marc:subfield code="k">1735</marc:subfield>
            <marc:subfield code="k">vor 1735 (anhand der Lebensdaten des Gatten der Dargestellten, die nicht als Witwe charakterisiert ist)</marc:subfield>
          </marc:datafield>
          <marc:datafield tag="260" ind1=" " ind2=" ">
            <marc:subfield code="g">1735</marc:subfield>
            <marc:subfield code="g">vor 1735 (anhand der Lebensdaten des Gatten der Dargestellten, die nicht als Witwe charakterisiert ist)</marc:subfield>
          </marc:datafield>
          <marc:datafield tag="300" ind1=" " ind2=" ">
            <marc:subfield code="a">Tiefe: 1,5 cm
Höhe: 49,2 cm (Rahmen)
Breite: 43,6 cm (Rahmen)
Höhe: 30,3 cm
Breite: 24,8 cm
Tiefe: 6,5 cm (Rahmen)</marc:subfield>
          </marc:datafield>
          <marc:datafield tag="520" ind1=" " ind2=" ">
            <marc:subfield code="a">Hochrechteckiges Brustbild: Der Körper ist leicht nach rechts, der Kopf aber nach links gewandt, während die Augen zum Betrachter gerichtet sind. Die Herzogin trägt ein weit ausgeschnittenes blaues Kleid und über ihrer linken Schulter einen roten Mantel mit Hermelinbesatz.
Das streng frisierte Haar mit Mittelscheitel ist gepudert und nach hinten geführt, einzig eine Strähne liegt ihrer rechten Schulter auf. (Städtisches Museum Braunschweig)

Aufschrift:
auf dem Keilrahmen oben Mitte Klebezettel mit Druck: "N* 27 / DENNER"; unten in Blei: "Ludwig Rudolph Herzg. Blankenburg No. 2"; auf dem Schmuckrahmen oben rechts Klebezettel mit blauem Blümchenrand: "38 / Balthasar Denner" (Tinte), unten Klebezettel mit rundem Stempel, "Nr. 50 // Denner, Hzgn. // Christine Luise"; unten rechts große Leinwandflecken mit Wachs

Literatur in Zusammenhang:
AKL 26 (2000), S. 164f.; Leppien 2001; Janitschek 1890.

Veröffentlicht in:
J. M. Nauhaus und J. Lange, „Die Gemäldesammlung des Städtischen Museums Braunschweig Vollständiges Bestandsverzeichnis und Verlustdokumentation“. Olms, Hildesheim; Zürich [u.a.], 2009. (S. 107, Nr. 235, und Farbtafel 14.)</marc:subfield>
          </marc:datafield>
          <marc:datafield tag="500" ind1=" " ind2=" ">
            <marc:subfield code="a">Kauf

1874</marc:subfield>
          </marc:datafield>
          <marc:datafield tag="650" ind1="1" ind2=" ">
            <marc:subfield code="a">Malerei</marc:subfield>
          </marc:datafield>
          <marc:datafield tag="650" ind1="1" ind2=" ">
            <marc:subfield code="a">Bildnis</marc:subfield>
          </marc:datafield>
          <marc:datafield tag="650" ind1="1" ind2=" ">
            <marc:subfield code="a">Gemälde</marc:subfield>
          </marc:datafield>
          <marc:datafield tag="650" ind1="1" ind2=" ">
            <marc:subfield code="a">Malerei &gt; Gemälde</marc:subfield>
          </marc:datafield>
          <marc:datafield tag="650" ind1="1" ind2=" ">
            <marc:subfield code="a">Malerei</marc:subfield>
          </marc:datafield>
          <marc:datafield tag="773" ind1="0" ind2=" ">
            <marc:subfield code="t">Sammlung Malerei</marc:subfield>
          </marc:datafield>
          <marc:datafield tag="852" ind1=" " ind2=" ">
            <marc:subfield code="a">Städtisches Museum Braunschweig</marc:subfield>
          </marc:datafield>
          <marc:datafield tag="" ind1=" " ind2=" ">
            <marc:subfield code="a">Namensnennung - Nicht kommerziell - Keine Bearbeitungen 4.0 International (CC BY-NC-ND 4.0)</marc:subfield>
          </marc:datafield>
        </marc:record>
      </metadata>
    </record>
  </GetRecord>
</OAI-PMH>
